[Event "GRENKE Chess Open 2018"]
[Site "Karlsruhe GER"]
[Date "2018.03.30"]
[Round "2.8"]
[White "Marcziter, Dmitrii"]
[Black "Gordievsky, Dmitry"]
[Result "0-1"]
[WhiteTitle "FM"]
[BlackTitle "GM"]
[WhiteElo "2275"]
[BlackElo "2630"]
[WhiteFideId "13900765"]
[BlackFideId "24112798"]
[EventDate "2018.03.29"]

1. d4 g6 2. c4 Bg7 3. Nf3 d6 4. Nc3 Bg4 5. h3 Bxf3 6. gxf3 Nd7 7. f4 c5 8. d5
Bxc3+ 9. bxc3 f5 10. e4 fxe4 11. f5 Ngf6 12. fxg6 hxg6 13. Rb1 Qc7 14. Bf4 O-O-O
15. Bg2 Rdf8 16. Bh2 g5 17. Qe2 Qa5 18. Rb3 Ne5 19. Bxe5 dxe5 20. Qb2 Qc7 21. a4
Rh4 22. O-O Ne8 23. Qd2 Rhf4 24. d6 Qxd6 25. Qe3 Qc6 26. Rb5 b6 27. a5 Nd6 28.
axb6 axb6 29. Qe2 g4 30. Rfb1 Nxb5 31. cxb5 Qg6 32. Qa2 gxh3 33. Qa8+ Kd7 34.
Rd1+ Ke6 35. Qc6+ Kf7 36. Qxg6+ Kxg6 37. Bxh3 Rxf2 38. Re1 R2f3 39. Bg2 Rxc3 40.
Bxe4+ Kg7 41. Bc6 Rg3+ 0-1

[Event "GRENKE Chess Open 2018"]
[Site "Karlsruhe GER"]
[Date "2018.03.30"]
[Round "2.9"]
[White "Banusz, Tamas"]
[Black "Ehmann, Thilo"]
[Result "1-0"]
[WhiteTitle "GM"]
[BlackTitle "FM"]
[WhiteElo "2618"]
[BlackElo "2274"]
[WhiteFideId "722413"]
[BlackFideId "12940968"]
[EventDate "2018.03.29"]

1. Nf3 c5 2. g3 Nc6 3. Bg2 d5 4. d4 g6 5. O-O Bg7 6. dxc5 Nf6 7. c3 O-O 8. Nbd2
a5 9. a4 e5 10. Nb3 Qe7 11. Bg5 Rd8 12. Qc1 Be6 13. h3 Qf8 14. e4 d4 15. Nfd2 h6
16. Bxf6 Bxf6 17. f4 exf4 18. gxf4 dxc3 19. bxc3 Rd3 20. e5 Be7 21. Qc2 Bxc5+
22. Kh2 Rad8 23. Ne4 Be3 24. Rae1 Bc4 25. Nc1 Rd2 26. Nxd2 Rxd2 27. Qe4 Qc5 28.
Nb3 Bxb3 29. Qxe3 Qxe3 30. Rxe3 Rb2 31. Kg1 Bxa4 32. Ra1 Bb3 33. Bxc6 bxc6 34.
Rxa5 Bd5 35. Ra8+ Kg7 36. f5 gxf5 37. Rg3+ Kh7 38. Rag8 h5 39. R8g5 Kh6 40. Rxf5
Re2 41. Rf6+ Kh7 42. Rg5 h4 43. c4 Be6 44. Rf4 Kh6 45. Rg8 Kh5 46. Rh8+ Kg6 47.
Rfxh4 Rxe5 48. Rg8+ Kf6 49. Rf4+ Ke7 50. h4 Rc5 51. Rg3 Ra5 52. Rd3 Ra4 53. h5
Bxc4 54. Rg3 Ra1+ 55. Kf2 Be6 56. Rh4 Ra8 57. h6 Rh8 58. Rh5 f6 59. Rg7+ Kd6 60.
Ke3 c5 61. Ra7 c4 62. Kd4 Rc8 63. Rha5 Bd7 64. Rd5+ 1-0

[Event "GRENKE Chess Open 2018"]
[Site "Karlsruhe GER"]
[Date "2018.03.30"]
[Round "2.10"]
[White "Soham, Das"]
[Black "Kozul, Zdenko"]
[Result "0-1"]
[BlackTitle "GM"]
[WhiteElo "2275"]
[BlackElo "2617"]
[WhiteFideId "35026763"]
[BlackFideId "14502879"]
[EventDate "2018.03.29"]

1. e4 c5 2. Nf3 d6 3. d4 cxd4 4. Nxd4 Nf6 5. Nc3 Nc6 6. Bg5 e6 7. Qd2 Qb6 8. Nb3
Be7 9. O-O-O O-O 10. h4 a6 11. Kb1 Rd8 12. g4 Nxg4 13. Bxe7 Nxe7 14. Qg5 Nf6 15.
Rg1 Ng6 16. Be2 Ne8 17. f4 Qc7 18. f5 f6 19. Qg3 Ne5 20. Nd4 Qf7 21. h5 h6 22.
Qe3 Kf8 23. fxe6 Bxe6 24. Nxe6+ Qxe6 25. Nd5 b5 26. Rdf1 Qf7 27. Rf5 Rdb8 28. c3
Rb7 29. Bd1 Nc4 30. Qd4 Rc8 31. Bb3 Rc5 32. Nf4 Re5 33. Ng6+ Kg8 34. Nxe5 dxe5
35. Qf2 Rd7 36. Qe2 Ned6 37. Rff1 Nxe4 38. Bxc4 Qxc4 39. Qxc4+ bxc4 40. Rd1 Rb7
41. Kc2 Kf7 42. Rd8 f5 43. Ra8 Ng5 44. Rxa6 f4 45. Re1 e4 46. Ra5 Ke6 47. Rc5 f3
48. Rxc4 Ke5 49. a4 Kf4 50. a5 f2 51. Ra1 Kf3 52. Rc8 e3 53. Rf8+ Nf7 54. a6 Ra7
55. Rxf7+ Rxf7 56. a7 Rxa7 57. Rxa7 f1=Q 0-1

[Event "GRENKE Chess Open 2018"]
[Site "Karlsruhe GER"]
[Date "2018.03.30"]
[Round "2.11"]
[White "Landa, Konstantin"]
[Black "Riehle, Marco"]
[Result "1/2-1/2"]
[WhiteTitle "GM"]
[BlackTitle "FM"]
[WhiteElo "2613"]
[BlackElo "2273"]
[WhiteFideId "4101685"]
[BlackFideId "12904392"]
[EventDate "2018.03.29"]

1. d4 d5 2. Bf4 e6 3. e3 Bd6 4. Bg3 Nf6 5. Nd2 c5 6. c3 O-O 7. Ngf3 Nc6 8. Bd3
Re8 9. Ne5 Bxe5 10. dxe5 Nd7 11. Nf3 Qc7 12. O-O g6 13. e4 Ndxe5 14. Nxe5 Nxe5
15. Bb5 Rd8 16. Bh4 Rd6 17. Bf6 Rb6 18. a4 c4 19. exd5 exd5 20. Bxe5 Qxe5 21.
Re1 Qf6 22. Re8+ Kg7 23. Qd2 Rd6 24. Rd1 a6 25. Bxc4 Re6 26. Rxe6 fxe6 27. Bb3
Bd7 28. f4 Bc6 29. Re1 Rd8 30. Re5 h6 31. h4 Qxh4 32. Rxe6 Rf8 33. Qd4+ Rf6 34.
Bxd5 Bxd5 35. Qxd5 Rxe6 36. Qxe6 Qxf4 37. Qd7+ Qf7 38. Qd4+ Kh7 39. b4 Qe7 40.
b5 axb5 41. axb5 h5 42. c4 h4 43. Kf2 g5 44. Kf3 Kh6 45. Qe4 Qf6+ 46. Ke2 Qb2+
47. Kd3 Qb1+ 48. Kd4 Qg1+ 49. Ke5 Qc5+ 50. Ke6 Qc8+ 51. Kd6 g4 52. Qf4+ Kg6 53.
Qe4+ Kh6 54. Qf4+ Kg6 55. Qe4+ 1/2-1/2

[Event "GRENKE Chess Open 2018"]
[Site "Karlsruhe GER"]
[Date "2018.03.30"]
[Round "2.12"]
[White "Wisnet, Dominic"]
[Black "Papp, Gabor1"]
[Result "0-1"]
[WhiteTitle "FM"]
[BlackTitle "GM"]
[WhiteElo "2272"]
[BlackElo "2604"]
[WhiteFideId "24629200"]
[BlackFideId "718602"]
[EventDate "2018.03.29"]

1. e4 c5 2. Nf3 d6 3. d4 cxd4 4. Nxd4 Nf6 5. Nc3 Nc6 6. Be2 g6 7. Be3 Bg7 8. O-O
O-O 9. Qd2 Ng4 10. Bxg4 Bxg4 11. Nxc6 bxc6 12. Bh6 Qb6 13. Bxg7 Kxg7 14. b3 Rad8
15. Na4 Qc7 16. c4 Be6 17. Rfe1 f6 18. Rac1 Bf7 19. Qe3 e5 20. Nc3 Rd7 21. Re2
Qa5 22. Rd2 Rfd8 23. Rcd1 Be6 24. h3 Qb4 25. Kh2 h6 26. Rd3 Qb7 27. f4 Bf7 28.
Qd2 Be8 29. Rf1 Qc7 30. Qf2 Rf7 31. Kh1 g5 32. fxg5 fxg5 33. Rf3 Rxf3 34. Qxf3
Qe7 35. Qe3 Bg6 36. Ne2 Rf8 37. Rxf8 Kxf8 38. Kg1 Kg7 39. Nc1 Qc7 40. Nd3 c5 41.
Qe1 Qf7 42. Qe3 a5 43. Nf2 a4 44. Qd3 axb3 45. axb3 Qc7 46. Ng4 Qe7 47. Ne3 Qf6
48. Ng4 Qf8 49. Nf2 h5 50. Qd2 Qf6 51. b4 cxb4 52. Qxb4 Qe7 53. Qc3 Qa7 54. Qd2
Qa1+ 55. Kh2 Qd4 56. Qe2 Bf7 57. Nd1 Qxc4 58. Qe3 Kg6 59. Qf3 Qe6 60. Ne3 Qf6
61. Nf5 d5 62. g4 hxg4 63. hxg4 Be6 64. Qh3 Bxf5 65. gxf5+ Kg7 66. exd5 e4 67.
Qg4 Qe5+ 68. Kg2 Kf6 69. d6 Qb2+ 70. Kf1 Qc1+ 71. Ke2 Qc2+ 72. Ke1 Qc3+ 73. Kf1
Qd3+ 74. Kg1 e3 75. d7 Qxd7 76. Qe4 Qd1+ 77. Kg2 Qe2+ 78. Kh1 Qf1+ 79. Kh2 Qf4+ 0-1

[Event "GRENKE Chess Open 2018"]
[Site "Karlsruhe GER"]
[Date "2018.03.30"]
[Round "2.13"]
[White "Bindrich, Falko"]
[Black "Hoeglauer, Patrick"]
[Result "1-0"]
[WhiteTitle "GM"]
[BlackTitle "FM"]
[WhiteElo "2602"]
[BlackElo "2269"]
[WhiteFideId "4676670"]
[BlackFideId "1270548"]
[EventDate "2018.03.29"]

1. Nf3 Nf6 2. c4 e6 3. g3 d5 4. d4 Be7 5. Bg2 O-O 6. O-O dxc4 7. Ne5 Nc6 8. Nxc6
bxc6 9. Na3 Bxa3 10. bxa3 Ba6 11. Qd2 c3 12. Qxc3 Bxe2 13. Re1 Bb5 14. a4 Bxa4
15. Qb4 Bb5 16. a4 Ba6 17. Ba3 Re8 18. Bxc6 Rb8 19. Qa5 Bb7 20. Bxe8 Nxe8 21.
Qc5 Nf6 22. Rab1 Be4 23. Rbc1 c6 24. Qxa7 Ra8 25. Be7 Qe8 26. Qb7 Rb8 27. Qc7
Nd5 28. Qe5 Bf3 29. Bc5 Ra8 30. Ra1 Qc8 31. a5 h5 32. h3 Nf6 33. Ra3 Bd5 34. Be7
Nd7 35. Qxh5 c5 36. dxc5 Bb7 37. Qe2 Qc6 38. f3 e5 39. Kh2 Re8 40. a6 Ba8 41.
Bd6 e4 42. Re3 f5 43. Qc4+ Kh8 44. Qf7 Nf6 45. Bf8 1-0

[Event "GRENKE Chess Open 2018"]
[Site "Karlsruhe GER"]
[Date "2018.03.30"]
[Round "2.14"]
[White "Roobol, Martin"]
[Black "Sumets, Andrey"]
[Result "0-1"]
[WhiteTitle "FM"]
[BlackTitle "GM"]
[WhiteElo "2267"]
[BlackElo "2590"]
[WhiteFideId "1004468"]
[BlackFideId "14105500"]
[EventDate "2018.03.29"]

1. d4 Nf6 2. c4 e6 3. Nc3 Bb4 4. e3 O-O 5. Ne2 d5 6. a3 Be7 7. Ng3 a6 8. cxd5
exd5 9. Bd3 Re8 10. O-O b6 11. Bd2 Bb7 12. f3 c5 13. Rc1 Nbd7 14. Be1 b5 15. Bf2
Rc8 16. Bb1 Nb6 17. Nf5 Bf8 18. dxc5 Bxc5 19. e4 Bxf2+ 20. Rxf2 g6 21. Ng3 Nc4
22. exd5 Qb6 23. Nge4 Nxb2 24. Qd2 Nc4 25. Qg5 Nxe4 26. Nxe4 Re5 27. Qh4 Kg7 28.
f4 Rxd5 29. Ng5 h6 30. Nxf7 Kxf7 31. f5 gxf5 32. Bxf5 Rxf5 33. Qh5+ Qg6 34.
Qxf5+ Qxf5 35. Rxf5+ Kg7 36. Rcf1 Rc7 37. a4 bxa4 38. Rc1 Kg6 39. Rf4 Bd5 40.
Rd4 Bf7 41. Rd6+ Nxd6 42. Rxc7 Be8 43. Rc3 Kf6 44. g4 Ke5 45. Rh3 Bf7 46. Kf2 a5
47. Rxh6 a3 48. Rh3 Nb5 49. Re3+ Kd4 50. Re1 a2 51. h4 Na3 52. h5 Nb1 0-1

[Event "GRENKE Chess Open 2018"]
[Site "Karlsruhe GER"]
[Date "2018.03.30"]
[Round "2.15"]
[White "Bernadskiy, Vitaliy"]
[Black "Kappeler, Kaspar"]
[Result "1-0"]
[WhiteTitle "GM"]
[BlackTitle "FM"]
[WhiteElo "2588"]
[BlackElo "2265"]
[WhiteFideId "14100371"]
[BlackFideId "1309072"]
[EventDate "2018.03.29"]

1. Nf3 Nf6 2. g3 g6 3. b3 Bg7 4. Bb2 O-O 5. Bg2 d6 6. d4 c5 7. c4 Nc6 8. d5 Na5
9. O-O a6 10. Nbd2 b5 11. Qc2 Rb8 12. Rab1 e5 13. dxe6 fxe6 14. Ng5 bxc4 15.
bxc4 Rxb2 16. Rxb2 Ng4 17. Nge4 Bxb2 18. Qxb2 Ne5 19. Qc3 Bb7 20. Nxd6 Qxd6 21.
Qxa5 Bxg2 22. Kxg2 Nxc4 23. Nxc4 Qd5+ 24. Kg1 Qxc4 25. e3 Rf5 26. Qd2 Rd5 27.
Qb2 Qa4 28. Qf6 Qd7 29. Qc3 Qa4 30. Qf6 Qd7 31. Qf3 c4 32. Rc1 Qa4 33. Qg4 Kg7
34. Rxc4 Qxa2 35. Rc7+ Kh8 36. e4 Rd4 37. Rb7 Qc4 38. Qf3 Qc1+ 39. Kg2 Qh6 40.
Rb8+ 1-0

[Event "GRENKE Chess Open 2018"]
[Site "Karlsruhe GER"]
[Date "2018.03.30"]
[Round "2.16"]
[White "Mohebbi, Jafar"]
[Black "Buhmann, Rainer"]
[Result "0-1"]
[WhiteTitle "FM"]
[BlackTitle "GM"]
[WhiteElo "2263"]
[BlackElo "2588"]
[WhiteFideId "604542"]
[BlackFideId "4651340"]
[EventDate "2018.03.29"]

1. Nf3 Nf6 2. g3 b5 3. d4 Bb7 4. Bg2 e6 5. O-O Be7 6. a4 b4 7. c4 bxc3 8. bxc3
c5 9. Ba3 O-O 10. Qb3 Qc7 11. Nbd2 Nc6 12. Bxc5 Bxc5 13. dxc5 Na5 14. Qa3 Rac8
15. Rfb1 Ba6 16. Nd4 Qxc5 17. Nb5 d5 18. e4 dxe4 19. Nxe4 Nxe4 20. Bxe4 f5 21.
Bg2 Qxa3 22. Rxa3 Nc4 23. Ra2 Bxb5 24. axb5 Rf7 25. Re1 Nd6 26. Bc6 Re7 27. Ra4
Kf7 28. c4 Kf6 29. Rea1 Rcc7 30. c5 Nf7 31. Rc1 Ne5 32. Bg2 Red7 0-1

[Event "GRENKE Chess Open 2018"]
[Site "Karlsruhe GER"]
[Date "2018.03.30"]
[Round "2.17"]
[White "Lagarde, Maxime"]
[Black "Schmitz, Thorsten"]
[Result "1-0"]
[WhiteTitle "GM"]
[BlackTitle "FM"]
[WhiteElo "2587"]
[BlackElo "2263"]
[WhiteFideId "662399"]
[BlackFideId "4650212"]
[EventDate "2018.03.29"]

1. e4 e5 2. Bc4 Nf6 3. d3 Be7 4. Nc3 c6 5. Bb3 O-O 6. Qf3 Na6 7. a3 Nc5 8. Ba2
d5 9. h3 Be6 10. Nge2 dxe4 11. dxe4 Bxa2 12. Rxa2 Ne6 13. g4 Nd4 14. Nxd4 exd4
15. Ne2 Re8 16. O-O Qb6 17. Ng3 Bf8 18. Kh1 c5 19. b3 Qc6 20. Re1 Re6 21. c3
dxc3 22. g5 c4 23. bxc4 Qxc4 24. Rc2 Nd7 25. Rxc3 Qa6 26. Nh5 Ne5 27. Qg3 Rd8
28. Nf4 Rc6 29. Rce3 Nc4 30. R3e2 Bd6 31. Qh4 Bxf4 32. g6 Rf6 33. gxf7+ Kxf7 34.
Bxf4 Qxa3 35. Bg3 Qf3+ 36. Kh2 Rd2 37. e5 Rxe2 38. Qxc4+ Re6 39. Rxe2 a6 40. Rd2
Qf5 41. Rd7+ Kg6 42. Rxb7 h5 43. Qc7 Qf8 44. Qd7 Re8 45. Qd3+ 1-0

[Event "GRENKE Chess Open 2018"]
[Site "Karlsruhe GER"]
[Date "2018.03.30"]
[Round "2.18"]
[White "Becker, Dirk"]
[Black "Sadzikowski, Daniel"]
[Result "0-1"]
[BlackTitle "GM"]
[WhiteElo "2263"]
[BlackElo "2583"]
[WhiteFideId "12938564"]
[BlackFideId "1132253"]
[EventDate "2018.03.29"]

1. d4 d5 2. Bf4 c5 3. e3 Nc6 4. c3 Nf6 5. Nd2 Bf5 6. Qb3 Qd7 7. Ngf3 c4 8. Qd1
h6 9. h3 e6 10. Be2 b5 11. a3 Be7 12. O-O O-O 13. Qc1 a5 14. Bd1 b4 15. Ba4 Qb7
16. b3 cxb3 17. cxb4 Rfc8 18. Nxb3 axb4 19. axb4 Nxb4 20. Nc5 Bxc5 21. dxc5 Nd3
22. Qd1 Nxc5 23. Qd4 Nd3 24. Ne5 Nxe5 25. Qxe5 Qb4 26. g4 Bd3 27. Rfd1 Rxa4 28.
Rxa4 Qxa4 29. Rxd3 Rc1+ 30. Kg2 Qc2 31. Ra3 Qd1 32. Bxh6 Qh1+ 33. Kg3 Rg1+ 34.
Kh4 Rxg4# 0-1

[Event "GRENKE Chess Open 2018"]
[Site "Karlsruhe GER"]
[Date "2018.03.30"]
[Round "2.19"]
[White "Moussard, Jules"]
[Black "Commercon, Simon"]
[Result "1/2-1/2"]
[WhiteTitle "GM"]
[WhiteElo "2576"]
[BlackElo "2263"]
[WhiteFideId "642908"]
[BlackFideId "24620998"]
[EventDate "2018.03.29"]

1. c4 Nf6 2. Nf3 e6 3. g3 d5 4. Bg2 dxc4 5. Qa4+ Nbd7 6. Qxc4 c5 7. O-O a6 8.
Qc2 Be7 9. d4 cxd4 10. Nxd4 O-O 11. Nd2 Nc5 12. N2b3 Nxb3 13. Nxb3 Nd5 14. Rd1
Qb6 15. e4 Nb4 16. Qc3 Nc6 17. Be3 Qb4 18. Qxb4 Bxb4 19. Nd4 Ne5 20. Rac1 Ng4
21. Bd2 Bxd2 22. Rxd2 e5 23. Nf3 Re8 24. Rc7 h6 25. Nh4 b5 26. Rd6 Nf6 27. Nf5
Bxf5 28. exf5 e4 29. h3 Re5 30. Rcc6 Rxf5 31. Rxa6 Rxa6 32. Rxa6 Rd5 33. Ra8+
Kh7 34. Bf1 Rd1 35. Ra3 Nd5 36. Rb3 b4 37. Kg2 Rd4 38. Ba6 f5 39. Bb7 Nf6 40.
Bc6 g5 41. a4 bxa3 42. bxa3 Rd2 43. Kf1 Kg6 44. a4 Ra2 45. Rb6 Kg7 46. Rb4 h5
47. Rc4 Kg6 48. Ke1 h4 49. gxh4 gxh4 50. f3 Ra3 51. fxe4 fxe4 52. Bxe4+ Nxe4 53.
Rxe4 Rxh3 54. Kf2 Kg5 55. Re3 Rh2+ 56. Kg1 Ra2 57. Re4 Kh5 58. Kh1 Kg5 59. Kg1
Kh5 1/2-1/2

[Event "GRENKE Chess Open 2018"]
[Site "Karlsruhe GER"]
[Date "2018.03.30"]
[Round "2.20"]
[White "Bifulco, Michel"]
[Black "Kunin, Vitaly"]
[Result "1/2-1/2"]
[WhiteTitle "FM"]
[BlackTitle "GM"]
[WhiteElo "2262"]
[BlackElo "2575"]
[WhiteFideId "828580"]
[BlackFideId "4128737"]
[EventDate "2018.03.29"]

1. d4 Nf6 2. c4 e6 3. Nf3 b6 4. Bf4 Bb7 5. e3 c5 6. d5 exd5 7. Nc3 a6 8. cxd5 d6
9. a4 g6 10. h3 Bg7 11. Be2 O-O 12. O-O Qe7 13. Re1 Nbd7 14. Bh2 Ne8 15. Bc4 Ne5
16. Nd2 Rb8 17. Bf1 f5 18. f4 Nf7 19. e4 fxe4 20. Ndxe4 Qd8 21. Kh1 Nf6 22. Rb1
Nxe4 23. Nxe4 Qc7 24. Bc4 Rbe8 25. Qd3 Re7 26. Re2 Rfe8 27. Rbe1 Bc8 28. Bxa6
Bxa6 29. Qxa6 Bxb2 30. Rxb2 Rxe4 31. Rxe4 Rxe4 32. Rxb6 Rxa4 33. Qb5 Rb4 34.
Qe8+ Kg7 35. Ra6 c4 36. Bg1 Rb1 37. Kh2 Rxg1 38. Kxg1 Qc5+ 39. Kh1 Qxd5 40. Ra7
Qf5 1/2-1/2

[Event "GRENKE Chess Open 2018"]
[Site "Karlsruhe GER"]
[Date "2018.03.30"]
[Round "2.21"]
[White "Heimann, Andreas"]
[Black "Alonso Garcia, Aaron"]
[Result "1-0"]
[WhiteTitle "GM"]
[WhiteElo "2574"]
[BlackElo "2262"]
[WhiteFideId "24624632"]
[BlackFideId "24521060"]
[EventDate "2018.03.29"]

1. e4 g6 2. d4 Bg7 3. c4 d6 4. Nc3 Nf6 5. Be2 c5 6. Nf3 Bg4 7. d5 O-O 8. O-O Na6
9. Ng5 Bxe2 10. Qxe2 h6 11. Nf3 Nc7 12. Bf4 Nh5 13. Bd2 e5 14. Ne1 Qd7 15. Nd3
b5 16. cxb5 Nxb5 17. Nxb5 Qxb5 18. Rab1 Rab8 19. b3 Nf6 20. Rfc1 Nd7 21. f3 Qa6
22. Rc2 Rfc8 23. Rbc1 Nb6 24. Be3 Kh7 25. Kf1 Qb5 26. Nb2 Qd7 27. Bd2 f5 28. Kg1
f4 29. Qa6 Bf6 30. a4 Qb7 31. Qxb7+ Rxb7 32. b4 Nd7 33. Nc4 cxb4 34. Nxd6 Rxc2
35. Rxc2 b3 36. Nxb7 bxc2 37. Kf1 Nb6 38. Ke2 Nxa4 39. Kd3 Kg7 40. Kxc2 Kf7 41.
Nd6+ Kf8 42. Nb5 Nb6 43. Nxa7 Be7 44. Kb3 Bd6 45. Ba5 Nd7 46. Kc4 Ke8 47. Kb5
Bc5 48. Nc6 Bf8 49. Bc7 Bg7 50. Na5 g5 51. Nc4 Ke7 52. Kc6 h5 53. Nb6 Nxb6 54.
Bxb6 h4 55. h3 1-0

[Event "GRENKE Chess Open 2018"]
[Site "Karlsruhe GER"]
[Date "2018.03.30"]
[Round "2.22"]
[White "Nazarenus, Moritz"]
[Black "Heberla, Bartlomiej"]
[Result "1/2-1/2"]
[BlackTitle "GM"]
[WhiteElo "2259"]
[BlackElo "2570"]
[WhiteFideId "4670540"]
[BlackFideId "1115120"]
[EventDate "2018.03.29"]

1. d4 g6 2. c4 Bg7 3. e4 d6 4. Ne2 Nf6 5. Nbc3 O-O 6. f3 Nc6 7. Be3 a6 8. Qd2
Na5 9. Ng3 b5 10. cxb5 axb5 11. Rc1 b4 12. Nd1 Nb7 13. Qxb4 c5 14. Qd2 cxd4 15.
Bxd4 Rxa2 16. Bc4 Ra8 17. b4 h5 18. O-O d5 19. Bxd5 e6 20. Bxb7 Bxb7 21. Qb2 Ba6
22. Re1 Rb8 23. Ne3 h4 24. Ngf1 Re8 25. Ra1 Bxf1 26. Rxf1 h3 27. Rfd1 Qe7 28.
Rab1 hxg2 29. Nxg2 e5 30. Be3 Rb5 31. Rdc1 Qb7 32. Rc5 Bf8 33. Rxb5 Qxb5 34. Bd2
Qd3 35. Ne1 Qd7 36. Bc3 Bh6 37. Bxe5 Be3+ 38. Kh1 Nh5 39. Ng2 Bb6 40. Nf4 Nxf4
41. Bxf4 Qd3 42. Qb3 Qe2 43. Qd1 Qa2 44. Qb3 Qe2 45. Qd1 Qa2 46. Qb3 1/2-1/2

[Event "GRENKE Chess Open 2018"]
[Site "Karlsruhe GER"]
[Date "2018.03.30"]
[Round "2.23"]
[White "Grigoriants, Sergey"]
[Black "Linster, Philippe"]
[Result "1/2-1/2"]
[WhiteTitle "GM"]
[WhiteElo "2568"]
[BlackElo "2258"]
[WhiteFideId "4130804"]
[BlackFideId "4001206"]
[EventDate "2018.03.29"]

1. e4 e5 2. Nf3 Nc6 3. Bb5 a6 4. Ba4 Nf6 5. O-O Be7 6. Re1 b5 7. Bb3 d6 8. c3
O-O 9. h3 Nb8 10. d4 Nbd7 11. Nbd2 Bb7 12. Bc2 Re8 13. Nf1 Bf8 14. Ng3 g6 15. a4
c5 16. d5 c4 17. Bg5 Be7 18. Qd2 Nc5 19. Be3 Qc7 20. Nh2 h5 21. Nf3 Nfd7 22. Ng5
Bf6 23. Qe2 bxa4 24. Nxh5 gxh5 25. Qxh5 Nf8 26. Bxc5 dxc5 27. d6 Qxd6 28. Qxf7+
Kh8 29. Qxe8 Bxg5 30. Qf7 Qe7 31. Qxe7 Bxe7 32. Rxa4 Ne6 33. g3 1/2-1/2

[Event "GRENKE Chess Open 2018"]
[Site "Karlsruhe GER"]
[Date "2018.03.30"]
[Round "2.24"]
[White "Namyslo, Holger"]
[Black "David, Alberto"]
[Result "1-0"]
[WhiteTitle "FM"]
[BlackTitle "GM"]
[WhiteElo "2257"]
[BlackElo "2566"]
[WhiteFideId "4607430"]
[BlackFideId "4000013"]
[EventDate "2018.03.29"]

1. e4 c5 2. Nf3 e6 3. d4 cxd4 4. Nxd4 Nc6 5. Nc3 a6 6. Be2 d6 7. O-O Nf6 8. Be3
Be7 9. f4 O-O 10. Qe1 Nxd4 11. Bxd4 b5 12. Bf3 Bb7 13. a3 Nd7 14. Rd1 Qc7 15.
Qg3 Bf6 16. e5 dxe5 17. fxe5 Bxf3 18. Rxf3 Bxe5 19. Bxe5 Nxe5 20. Re3 f6 21. Kh1
Rad8 22. Rde1 Kh8 23. R3e2 Rd7 24. Ne4 Rfd8 25. Ng5 Qd6 26. h3 Qe7 27. Qf2 Kg8
28. b3 Rd5 29. a4 bxa4 30. bxa4 h6 31. Ne4 Rd4 32. Qg3 Kh8 33. Qb3 Rb4 34. Qa2
Rd5 35. c3 Rb8 36. c4 Rd4 37. c5 Nd3 38. Rb1 Rxb1+ 39. Qxb1 Qd7 40. Qc2 Qc6 41.
Re3 Nb4 42. Qe2 Nd5 43. Rg3 Qxa4 44. Nf2 e5 45. Qh5 Qd7 46. c6 Qe7 47. Ng4 Nf4
48. Qf5 Qe6 49. Qb1 Qxc6 50. Nxh6 Qc7 51. Qb3 Rc4 52. Rc3 gxh6 53. Rxc4 Qd6 1-0

[Event "GRENKE Chess Open 2018"]
[Site "Karlsruhe GER"]
[Date "2018.03.30"]
[Round "2.25"]
[White "Mikhalevski, Victor"]
[Black "Niegsch, Nicolas"]
[Result "1-0"]
[WhiteTitle "GM"]
[WhiteElo "2557"]
[BlackElo "2257"]
[WhiteFideId "2801914"]
[BlackFideId "12932140"]
[EventDate "2018.03.29"]

1. d4 e6 2. c4 f5 3. d5 Nf6 4. Nc3 Bc5 5. dxe6 d6 6. Nh3 Bxe6 7. Nf4 Bf7 8. g3
c6 9. b3 Ng4 10. e3 O-O 11. Bg2 Qf6 12. Bb2 Qh6 13. h3 Ne5 14. Nce2 Na6 15. Nd4
Bb4+ 16. Kf1 g5 17. Nfe2 Bh5 18. f4 Nc5 19. a3 Ned3 20. axb4 Nxb2 21. Qd2 Ncd3
22. Nc1 Nxb4 23. Qxb2 Rae8 24. Qd2 c5 25. Nb5 a6 26. Nc7 Qg7 27. Nxe8 Qxa1 28.
Nc7 gxf4 29. gxf4 Rf7 30. Bd5 Nd3 31. Qxd3 Qxc1+ 32. Kf2 Qb2+ 33. Kg3 Qg7+ 34.
Kh4 Kh8 35. Ne8 Qh6 36. Qc3+ Kg8 37. Nf6+ 1-0

[Event "GRENKE Chess Open 2018"]
[Site "Karlsruhe GER"]
[Date "2018.03.30"]
[Round "2.26"]
[White "Elgersma, Simon"]
[Black "Demuth, Adrien"]
[Result "0-1"]
[BlackTitle "GM"]
[WhiteElo "2257"]
[BlackElo "2551"]
[WhiteFideId "1046101"]
[BlackFideId "642274"]
[EventDate "2018.03.29"]

1. e4 e6 2. d4 d5 3. Nc3 Bb4 4. e5 c5 5. a3 Bxc3+ 6. bxc3 Ne7 7. h4 Qc7 8. h5
cxd4 9. cxd4 Qc3+ 10. Bd2 Qxd4 11. Nf3 Qe4+ 12. Be2 Nf5 13. Kf1 b6 14. Bb5+ Nd7
15. Bd3 Qg4 16. Rb1 Bb7 17. c3 d4 18. Bxf5 Qxf5 19. cxd4 Qd3+ 20. Kg1 Bxf3 21.
Qxf3 Qxf3 22. gxf3 Rc8 23. Kf1 f6 24. f4 Kf7 25. Ke2 Nb8 26. Bb4 Rc2+ 27. Ke3
Rhc8 28. Rhd1 Nc6 29. Rd2 Rxd2 30. Bxd2 Ne7 31. a4 Rc4 32. a5 Ra4 33. Kd3 Nd5
34. axb6 axb6 35. Rc1 Ra3+ 36. Ke2 Ra2 37. Ke1 Ra3 38. Rc6 f5 39. Rd6 Ke7 40.
Be3 Ra1+ 41. Ke2 Rh1 42. Kf3 Rxh5 43. Kg2 Rh4 44. Bc1 h6 45. Ba3 Nxf4+ 46. Kg3
Rh3+ 47. Kxf4 g5# 0-1

[Event "GRENKE Chess Open 2018"]
[Site "Karlsruhe GER"]
[Date "2018.03.30"]
[Round "2.27"]
[White "Santos Latasa, Jaime"]
[Black "Leeb, Simon"]
[Result "1-0"]
[WhiteTitle "IM"]
[WhiteElo "2549"]
[BlackElo "2255"]
[WhiteFideId "2293307"]
[BlackFideId "12924768"]
[EventDate "2018.03.29"]

1. c4 c6 2. Nf3 d5 3. e3 Nf6 4. Nc3 Bf5 5. cxd5 Nxd5 6. Nxd5 Qxd5 7. d3 Bg4 8.
Be2 e5 9. O-O Nd7 10. h3 Bh5 11. Qc2 Be7 12. Rd1 Qc5 13. Qb3 Qb6 14. Qa4 Qb4 15.
Qc2 Qc5 16. Qb1 Rd8 17. Bd2 O-O 18. b4 Qd6 19. Bc3 Bf6 20. a4 Nb6 21. e4 Nd7 22.
Qb2 Bxf3 23. Bxf3 Rfe8 24. b5 c5 25. Bd2 Nf8 26. Be3 Ne6 27. Rd2 Bg5 28. Rdd1 h6
29. Rac1 Nd4 30. Bg4 Qb6 31. Qa3 Be7 32. Qa2 Bf8 33. Rb1 Qg6 34. Rdc1 Kh8 35. a5
Be7 36. Rc4 Ne6 37. b6 a6 38. Qc2 Nf4 39. g3 Nxd3 40. Qc3 Bf8 41. Rd1 Nb4 42.
Rxd8 Rxd8 43. Bxc5 Bxc5 44. Rxc5 Nc6 45. Rd5 Qxe4 46. Rxd8+ Nxd8 47. Qc8 Qd5 48.
Bd7 Qd1+ 49. Kh2 Qf3 50. Qc5 Kg8 51. Bg4 Qf6 52. Kg1 g6 53. Bc8 e4 54. h4 h5 55.
Bh3 Qc6 56. Qe7 Qd5 57. Bd7 Ne6 58. Bxe6 fxe6 59. Qf6 Kh7 60. Qf7+ Kh6 61. Qg8
Qe5 62. Qf8+ Qg7 63. Qf4+ Kh7 64. Qxe4 Qd7 65. Qe5 Kg8 66. Qf6 Qf7 67. Qd8+ Kg7
68. Kg2 e5 69. Qd6 Kg8 70. Qxe5 Kf8 71. Qd6+ Kg7 72. Qc7 Kf6 73. Qxf7+ Kxf7 74.
Kf3 Ke6 75. Ke4 1-0